Le folklore dans l'ancien testament / (Record no. 65214)

MARC details
000 -LEADER
campo de control de longitud fija 00673nam a2200205 i 4500
001 - NÚMERO DE CONTROL
campo de control 65214
003 - IDENTIFICADOR DE NÚMERO DE CONTROL
campo de control ES-MaACL
005 - FECHA Y HORA DE LA ÚLTIMA TRANSACCIÓN
campo de control 20250819063044.0
007 - CAMPO FIJO DE DESCRIPCIÓN FÍSICA--INFORMACIÓN GENERAL
campo de control de longitud fija t|
008 - DATOS DE LONGITUD FIJA--INFORMACIÓN GENERAL
campo de control de longitud fija 040109s1924 fr ||||1| fre d
100 0# - ENTRADA PRINCIPAL--NOMBRE DE PERSONA
Nombre de persona Frazer, James George,
Títulos y otros términos asociados al nombre Sir,
Fechas asociadas al nombre 1854-1941
9 (RLIN) 52400
245 13 - MENCIÓN DEL TÍTULO
Título Le folklore dans l'ancien testament /
Mención de responsabilidad, etc. James George Frazer ; traduction par E. Andrá ; avec une introduction par René Dussand.
250 ## - MENCION DE EDICION
Mención de edición Ed. abregée avec notes.
260 ## - PUBLICACIÓN, DISTRIBUCIÓN, ETC.
Lugar de publicación, distribución, etc. Paris :
Nombre del editor, distribuidor, etc. P. Geuthuer,
Fecha de publicación, distribución, etc. 1924.
300 ## - DESCRIPCIÓN FÍSICA
Extensión VI, 447 p. ;
Dimensiones 25 cm.
700 1# - ENTRADA AGREGADA--NOMBRE PERSONAL
Nombre de persona Dussand, René.
9 (RLIN) 46344
700 1# - ENTRADA AGREGADA--NOMBRE PERSONAL
Nombre de persona Andrá, E.
9 (RLIN) 21503
852 ## - LOCALIZACIÓN
Ubicación ES-MaACL
Número de control de estantería A-2487
Holdings
Estatus retirado Estado de pérdida Estado de daño No para préstamo Biblioteca de origen Biblioteca actual Ubicación en estantería Fecha de adquisición Fuente de adquisición Total de préstamos Signatura topográfica completa Código de barras Visto por última vez Precio de reemplazo Tipo de ítem Koha
        Biblioteca del Ateneo de Madrid Biblioteca del Ateneo de Madrid Sala Pecera Planta 1 17/01/2008     A-2487 1068324 23/02/2023 23/02/2023 Libro impreso